Μικρασιανά
Αποθηκεύτηκε σε:
| Κύριος συγγραφέας: | |
|---|---|
| Μορφή: | Βιβλίο |
| Γλώσσα: | Greek |
| Δημοσίευση: |
Αθήνησι :
[χ.ό],
1895.
|
| Θέματα: | |
| Ετικέτες: |
Προσθήκη ετικέτας
Δεν υπάρχουν, Καταχωρήστε ετικέτα πρώτοι!
|
MARC
| LEADER | 00000cam a2200000 i 4500 | ||
|---|---|---|---|
| 001 | 1/2 | ||
| 008 | 100720s1895 gr | ||| |||| ||gre|| | ||
| 035 | |l 10108701 | ||
| 040 | |a GR-MyUa |b gre |e AACR2 | ||
| 041 | 0 | |a gre | |
| 082 | 7 | |a 938.991 |2 (22) | |
| 100 | 1 | |a Δράκος, Ευστράτιος Ι. | |
| 245 | 1 | 0 | |a Μικρασιανά / |c Ευστράτιου Ι. Δράκου. |
| 260 | |a Αθήνησι : |b [χ.ό], |c 1895. | ||
| 300 | |a 2 τ. : |b εικ. ; |c 30 εκ. | ||
| 500 | |a Διαθέσιμο στο διαδίκτυο. | ||
| 505 | 8 | |a Τ. 1. Η γενική πραγματεία περί Εκατονήσων τανυν Μοσχονησίων -- τ. 2. Η ιστορία των Μοσχονησίων υπό έποψιν εκκλησιαστικήν. | |
| 650 | 0 | |a Greeks |z Turkey |x History. | |
| 650 | 0 | |a Greeks |z Turkey |x Societies, etc. |x History. | |
| 651 | 0 | |a Turkey |x History. | |
| 740 | 2 | |a Η γενική πραγματεία περί Εκατονήσων τανυν Μοσχονησίων. | |
| 740 | 2 | |a Η ιστορία των Μοσχονησίων υπό έποψιν εκκλησιαστικήν. | |
| 852 | |a INST |b LESVOS |e 20100720 |h 938.991 ΔΡΑ |p 005100048186 |q 005100048186 |t BK |y 23 |z τευχ.Β | ||
| 852 | |a INST |b LESVOS |e 20100720 |h 938.991 ΔΡΑ |p 005100048189 |q 005100048189 |t BK |y 23 |z τευχ.Α | ||
| 852 | |a INST |b LESVOS |e 20100720 |h 938.991 ΔΡΑ |p 005100048186 |q 005100048186 |t BK |v τ.2: |y 23 |z τευχ.Β | ||
| 852 | |a INST |b LESVOS |e 20100720 |h 938.991 ΔΡΑ |p 005100048189 |q 005100048189 |t BK |v τ.1: |y 23 |z τευχ.Α | ||
| 853 | |a INST |b LESVOS |h 938.991 ΔΡΑ | ||
| 901 | |a BIBL1-2010-2 | ||
| 970 | |a ΚΑΡΑ |b ΓΙΑΣΕΜΗ |z 2010/07/20 | ||